<?xml version="1.0" encoding="UTF-8"?>
<collection xmlns="http://www.loc.gov/MARC21/slim">
 <record>
  <leader>00890nam a22002415a 4500</leader>
  <controlfield tag="001">EAD.ead003360</controlfield>
  <controlfield tag="008">130312s2012####ag#######b####001#0#spa#d</controlfield>
  <controlfield tag="005">20160212125434.0</controlfield>
  <datafield tag="245" ind1="0" ind2="0">
   <subfield code="a">Impuesto al valor agregado.</subfield>
  </datafield>
  <datafield tag="250" ind1=" " ind2=" ">
   <subfield code="a">Versión 3.8.</subfield>
  </datafield>
  <datafield tag="260" ind1=" " ind2=" ">
   <subfield code="a">Buenos Aires :</subfield>
   <subfield code="b">Errepar,</subfield>
   <subfield code="c">2012.</subfield>
  </datafield>
  <datafield tag="300" ind1=" " ind2=" ">
   <subfield code="a">170 p. ;</subfield>
   <subfield code="c">28 cm.</subfield>
  </datafield>
  <datafield tag="490" ind1="1" ind2=" ">
   <subfield code="a">Separatas de legislación</subfield>
  </datafield>
  <datafield tag="500" ind1=" " ind2=" ">
   <subfield code="a">&quot;Contiene: Selección de jurisprudencia - Cuadros de alícuotas - Preguntas de autoevaluación&quot;--Tapa.</subfield>
  </datafield>
  <datafield tag="504" ind1=" " ind2=" ">
   <subfield code="a">Incluye referencias bibliográficas e índices.</subfield>
  </datafield>
  <datafield tag="505" ind1="0" ind2=" ">
   <subfield code="a">Ley y decreto reglamentario -- Normas reglamentarias y complementarias.</subfield>
  </datafield>
  <datafield tag="020" ind1=" " ind2=" ">
   <subfield code="a">9789870113317</subfield>
  </datafield>
  <datafield tag="110" ind1="2" ind2=" ">
   <subfield code="a">Argentina.</subfield>
  </datafield>
  <datafield tag="240" ind1="1" ind2="0">
   <subfield code="a">Leyes, etc.</subfield>
  </datafield>
  <datafield tag="830" ind1=" " ind2="0">
   <subfield code="a">Separatas de legislación.</subfield>
  </datafield>
  <datafield tag="082" ind1="0" ind2="4">
   <subfield code="a">336.2714</subfield>
   <subfield code="2">21</subfield>
  </datafield>
  <datafield tag="650" ind1=" " ind2="7">
   <subfield code="a">Impuesto al valor agregado.</subfield>
   <subfield code="2">unbist</subfield>
  </datafield>
  <datafield tag="859" ind1=" " ind2=" ">
   <subfield code="a">AR-BaBDC</subfield>
   <subfield code="b">BIB. ADMINISTRACION - Libros</subfield>
   <subfield code="h">336.2714</subfield>
   <subfield code="i">Er78</subfield>
   <subfield code="p">b06538</subfield>
  </datafield>
 </record>
</collection>
